000 00332nam a2200109 a 4500
005 20201002061755.0
008 190805s1983 000 spa d
100 _aBergés, Manuel
_976542
245 0 _aResumen del anteproyecto de código de comercio de la República Dominicana.
260 _aSanto Domingo,
_c1983.
999 _c48739
_d48739
040 _aDO-SdBNP